书目信息 |
| 题名: |
数论中未解决的问题
|
|
| 作者: | 盖伊 著 | |
| 分册: | ||
| 出版信息: | 北京 科学出版社 2007.01 |
|
| 页数: | 437页 | |
| 开本: | 24cm | |
| 丛书名: | 国外数学名著系列 | |
| 单 册: | ||
| 中图分类: | O156 | |
| 科图分类: | ||
| 主题词: | 数论--shu lun--研究--英文 | |
| 电子资源: | ||
| ISBN: | 978-7-03-018293-7 | |
| 000 | 01089nam 2200301 450 | |
| 001 | 012008131640 | |
| 005 | 20080414155638.20 | |
| 010 | @a978-7-03-018293-7@b精装@dCNY78.00 | |
| 100 | @a20080414d2007 em y0chiy0120 ea | |
| 101 | 0 | @aeng |
| 102 | @aCN@b110000 | |
| 105 | @aa a 001yy | |
| 106 | @ar | |
| 200 | 1 | @a数论中未解决的问题@Ashu lun zhong wei jie jue de wen ti@d= Unsolved problems in number theory@fRichard K. Guy著@FRichard K.Guy zhu@zeng |
| 210 | @a北京@c科学出版社@d2007.01 | |
| 215 | @a437页@d24cm | |
| 225 | 2 | @a国外数学名著系列@Aguo wai shu xue ming zhu xi lie@v29 |
| 305 | @a本书据原书第3版影印 | |
| 314 | @a责任者Guy规范汉译姓: 盖伊 | |
| 320 | @a有书目和索引 | |
| 330 | @a本书从含有大量或许不易解决但浅显易懂的问题, 这些问题可被数学素养程度不等的数学家在不同的深度上加以研究。 | |
| 410 | 0 | @12001 @a国外数学名著系列 |
| 510 | 1 | @aUnsolved problems in number theory@zeng |
| 606 | 0 | @a数论@Ashu lun@x研究@x英文 |
| 690 | @aO156@v4 | |
| 701 | 1 | @a盖伊@Agai yi@g(Guy, Richard K.)@4著 |
| 801 | 0 | @aCN@bQSSK@c20080414 |
| 905 | @b291238-39@dO156@eG017@f2 | |
| 数论中未解决的问题= Unsolved problems in number theory/Richard K. Guy著.-北京:科学出版社,2007.01 |
| 437页;24cm.-(国外数学名著系列;29) |
| ISBN 978-7-03-018293-7(精装):CNY78.00 |
| 本书从含有大量或许不易解决但浅显易懂的问题, 这些问题可被数学素养程度不等的数学家在不同的深度上加以研究。 |
| ● |
| 相关链接 |
|
|
|
正题名:数论中未解决的问题
索取号:O156/G017
 
预约/预借
| 序号 | 登录号 | 条形码 | 馆藏地/架位号 | 状态 | 备注 |
| 1 | 291238 | 202912385 | 自科库401/401自科库 42排2列4层/ [索取号:O156/G017] | 在馆 | |
| 2 | 291239 | 202912394 | 自科库401/401自科库 42排2列4层/ [索取号:O156/G017] | 在馆 |